000 00641cam a22001697a 4500
008 180718b2004 xxu||||| |||| 00| 0 eng d
082 _aI548x54 C394
100 _aChauhan, Swati
245 _aJournalism today: principles practices and challenges
_cby Swati Chauhan and Navin Chandra
260 _aNew Delhi
_bKanishka
_c2004
300 _a3vols.
500 _aContents: v.1 Modern journalism: issues and approaches, 280p.;v.2Foundations of news and journalism, 324p.;v.3 Handbook of journalism style and substance, 244p.
650 _aJournalists
650 _aPress - India
650 _aJournalism - India
700 _aChandra, Navin
999 _c403042
_d403042